| 000 | 01589cam a2200409 a 4500 | ||
|---|---|---|---|
| 001 | 1934 | ||
| 003 | FISKH | ||
| 005 | 20250307133058.0 | ||
| 008 | 930121s1993 nyua j b 001 0 eng | ||
| 010 | _a 93009304 | ||
| 020 | _a9780688128142 | ||
| 020 | _a0590486780 | ||
| 040 |
_aDLC _cDLC _dDLC _beng |
||
| 042 | _alcac | ||
| 043 | _an-us--- | ||
| 050 | 0 | 0 |
_aHV1624.K4 _bS7 1993 |
| 082 | 0 | 0 |
_a362.4/1/092 _aB _220 |
| 100 | 2 |
_aSt. George, Judith, _d1931- |
|
| 245 | 1 | 0 |
_aDear Dr. Bell-- your friend, Helen Keller / _bJudith St. George ; illustrated with photographs. |
| 260 |
_aNew York : _bScholastic, _c1993. |
||
| 300 |
_a95 pages : _billustrations ; _c20 cm. |
||
| 520 | _aFollows the parallel lives of Helen Keller and Alexander Graham Bell, who continued to encounter and support each other from that eventful meeting when he recommended she be given a teacher and thus led her to Annie Sullivan. | ||
| 521 | 8 |
_a1180
_bLexile |
|
| 600 | 1 | 0 |
_aKeller, Helen, _d1880-1968 _xFriends and associates _vJuvenile literature. |
| 600 | 1 | 0 |
_aBell, Alexander Graham, _d1847-1922 _xFriends and associates _vJuvenile literature. |
| 600 | 1 | 1 |
_aKeller, Helen, _d1880-1968. |
| 600 | 1 | 1 |
_aBell, Alexander Graham, _d1847-1922. |
| 650 | 0 |
_aDeafblind women _zUnited States _vBiography _vJuvenile literature. |
|
| 650 | 1 | _aBlind. | |
| 650 | 1 | _aDeaf. | |
| 650 | 1 | _aPeople with disabilities. | |
| 650 | 1 |
_aWomen _vBiography. |
|
| 650 | 1 | _aInventors. | |
| 740 | 0 | _aDear Doctor Bell-- your friend, Helen Keller. | |
| 906 |
_a7 _bcbc _corignew _d1 _eocip _f19 _gy-gencatlg |
||
| 942 |
_2ddc _cBK _n0 |
||
| 999 |
_c1934 _d1934 |
||